Romans / (Record no. 1244)
[ view plain ]
| 000 -LEADER | |
|---|---|
| fixed length control field | 00843nam a2200301Ia 4500 |
| 001 - CONTROL NUMBER | |
| control field | 9342460 |
| 003 - CONTROL NUMBER IDENTIFIER | |
| control field | OSt |
| 005 - DATE AND TIME OF LATEST TRANSACTION | |
| control field | 20180910093939.0 |
| 008 - FIXED-LENGTH DATA ELEMENTS--GENERAL INFORMATION | |
| fixed length control field | 830324s1982 txu b 000 0 eng d |
| 010 ## - LIBRARY OF CONGRESS CONTROL NUMBER | |
| LC control number | 81071764 |
| 010 ## - LIBRARY OF CONGRESS CONTROL NUMBER | |
| Canceled/invalid LC control number | 81071764 |
| 020 ## - INTERNATIONAL STANDARD BOOK NUMBER | |
| International Standard Book Number | 0849901596 (v.6) : |
| Terms of availability | $14.95 |
| 020 ## - INTERNATIONAL STANDARD BOOK NUMBER | |
| International Standard Book Number | 0850094119 |
| 035 01 - SYSTEM CONTROL NUMBER | |
| System control number | wsl50005164 |
| 040 ## - CATALOGING SOURCE | |
| Original cataloging agency | MAL |
| Transcribing agency | MAL |
| 050 0# - LIBRARY OF CONGRESS CALL NUMBER | |
| Classification number | BS2341.2 |
| Item number | .C65 vol. 6 |
| Classification number | BS 2665.3 |
| 082 ## - DEWEY DECIMAL CLASSIFICATION NUMBER | |
| Classification number | 225.7 |
| -- | 227 |
| Edition number | 19 |
| Item number | B859C |
| 092 ## - LOCALLY ASSIGNED DEWEY CALL NUMBER (OCLC) | |
| Classification number | 227.1077 |
| Item number | B77 |
| 100 1# - MAIN ENTRY--PERSONAL NAME | |
| Personal name | Briscoe, D. Stuart. |
| 245 10 - TITLE STATEMENT | |
| Title | Romans / |
| Statement of responsibility, etc. | D. Stuart Briscoe. |
| 260 ## - PUBLICATION, DISTRIBUTION, ETC. | |
| Place of publication, distribution, etc. | Waco, Tex. : |
| Name of publisher, distributor, etc. | Word, |
| Date of publication, distribution, etc. | 1982. |
| 300 ## - PHYSICAL DESCRIPTION | |
| Extent | 264 p. ; |
| Dimensions | 24 cm. |
| 490 1# - SERIES STATEMENT | |
| Series statement | The communicator's commentary series ; |
| Volume/sequential designation | 6 |
| 504 ## - BIBLIOGRAPHY, ETC. NOTE | |
| Bibliography, etc. note | Bibliography: p. 263-264. |
| 630 00 - SUBJECT ADDED ENTRY--UNIFORM TITLE | |
| Uniform title | Bible. |
| Name of part/section of a work | Romans |
| Form subdivision | Commentaries. |
| 830 #0 - SERIES ADDED ENTRY--UNIFORM TITLE | |
| Uniform title | Communicator's commentary series ; |
| Volume/sequential designation | 6. |
| 942 ## - ADDED ENTRY ELEMENTS (KOHA) | |
| Source of classification or shelving scheme | Dewey Decimal Classification |
| Koha item type | Books |
| Withdrawn status | Lost status | Source of classification or shelving scheme | Damaged status | Not for loan | Collection code | Home library | Current library | Shelving location | Date acquired | Cost, normal purchase price | Total Checkouts | Full call number | Barcode | Date last seen | Price effective from | Koha item type |
|---|---|---|---|---|---|---|---|---|---|---|---|---|---|---|---|---|
| Dewey Decimal Classification | Non-fiction | Harvest Mission College | Harvest Mission College | General Stacks | 10.09.2018 | 400.00 | 225.7 B859C | 000377 | 10.09.2018 | 10.09.2018 | Books |
